000 00493nam a2200169 i 4500
001 142170
003 ES-MaACL
005 20230906200449.0
007 t|
008 071003s1973 sp ||||1| spa d
080 _a860(82)-96"19"
100 1 _aVignati, Alejandro.
_9114642
245 1 0 _aGrandes enigmas del cielo y de la tierra /
_cA. Vignati, A. Faber.
260 _a[Barcelona] :
_bA. T. E.,
_c[1973]
700 1 _aFaber-Kaiser, Andreas.
_948509
852 _aES-MaACL
_jC-54922
_bR.87646
999 _c142170
_d142170